| 000 | 00631nam a2200229Ia 4500 | ||
|---|---|---|---|
| 005 | 20230706142016.0 | ||
| 008 | 131103s9999 xx 000 0 und d | ||
| 020 | _a706905760 | ||
| 040 | _aLoreto College | ||
| 041 | _aEnglish | ||
| 082 |
_a954.04 _bGAN-VAS |
||
| 100 | _aVasudev,Uma | ||
| 245 |
_aTwo faces of Indira Gandhi _cUma Vasudev |
||
| 260 |
_aNew Delhi _bVikas Publishing House _c1977 |
||
| 300 | _a208 p. | ||
| 504 | _aIncludes appendix and bibliographical references | ||
| 600 | _aGandhi, Indira | ||
| 650 | _aModern Indian History | ||
| 650 | _aGandhi,Indira 1917 - 1984 | ||
| 850 | _aLCLIB | ||
| 942 | _cBK | ||
| 999 |
_c9996 _d60475 |
||